Obchod maloobchod, veľkoobchod, distribúcia

Enregistré dans:
Détails bibliographiques
Format: Publication en série
Langue:slovaque
Publié: Bratislava Strategie na Slovensku 1996
Sujets:
Tags: Ajouter un tag
Pas de tags, Soyez le premier à ajouter un tag!

MARC

LEADER 00000nas2a2200000 4500
001 s122529
005 20221220131132.0
022 |a 1335-2008 
041 0 |a slo 
044 |a SK 
245 1 0 |a Obchod  |b maloobchod, veľkoobchod, distribúcia 
264 1 |a Bratislava  |b Strategie na Slovensku  |c 1996 
300 |a 1 zv. 
773 0 |w eu_un_cat*s121282 
610 2 0 |a distribúcia 
610 2 0 |a stratégia obchodná